000 01031nam a2200301 i 4500
003 DO-SdBNP
005 20250811113045.0
007 ta
008 250811t2025 dr ad 000 0 spa d
020 _z9993489603
040 _aDO-SdBNP
_bspa
_cBNPHU
_erda
041 _aspa
082 _axxxx
_bR577
_222
100 1 _aRímoli, Roberto
_eautor
_4aut.
_926602
245 1 0 _aDrácula suele ser puntual :
_bel cálculo aplicado a la psicología /
_cRoberto Rímoli ; presentación, Onofre de la Rosa
250 _aPrimera edición
264 _aSanto Domingo :
_bEditora Moderna,
_c[2025].
300 _a109 páginas
_bilustraciones, gráficas
_c21 cm.
336 _atexto
_btxt
_2rdacontent
337 _asin mediación
_bn
_2rdamedia
338 _avolumen
_bnc
_2rdacarrier
500 _aIncluye datos biográficos del autor en la contracubierta.
504 _aBibliografía p: 63-64.
590 _aInventariado, 2025/ YL
700 1 _aRosa, Onofre de la
_epresentación
_4pr.
_953700
910 _aYLockward
942 _2ddc
_cLBS1
999 _c59756
_d59756